000 00270nam a2200121 a 4500
008 101025s1986|||| d
245 1 0 _aKameň a váhy
100 1 _aLins, Osman
260 _bTatran
_aBratislava
_c1986
020 _c26
041 _aslo
044 _axo
_cSK
999 _c12157
_d12157